LEADER 01280nam a2200289 i 4500 001 000000147851 003 CaOOAMICUS 005 20060214000000.0 008 060214s1995 it u000 u ita u 013 $a125152 020 $a88-04-40017-X 040 $aSeMil$bita 100 1 $aKant, Immanuel,$d<1724-1804>.$0(OLS)http://semarc/name/2543 245 10$aSul male radicale nella natura umana /$cImmanuel Kant ; a cura di Massimo Bonola. 260 $aMilano :$bArnoldo Mondadori Editore,$ccopyr. 1995. 300 $a92 p. ;$c17 cm. 490 0 $aPiccoli saggi ;$v70 650 4$aKant, Immanuel <1724-1804> - Antropologia filosofica.$0(OLS)http://semarc/subject/27209 650 4$aMale - Concezione filosofica.$0(OLS)http://semarc/subject/9298 700 1 $aBonola, Massimo.$0(OLS)http://semarc/name/34857 830 0$aPiccoli saggi ;$v70.$0(OLS)http://semarc/title/11029 850 $aSeMil 852 $aSeMil$W1$xVenegono$y1$m2P I 705$j100387$B100387$CSeMilBibl$Z2$F113824 $81 961 $aLascito: Gogna prof.ssa Silvia 996 $6020$a88-04-40017-X$9(OLS)http://semarc/number/136683 996 $6245$aSul male radicale nella natura umana$9(OLS)http://semarc/title/216207 996 $6260$aMilano :$bArnoldo Mondadori Editore$9(OLS)http://semarc/publisher/30056 LEADER 01262nam a2200265 i 4500 001 000000184448 003 CaOOAMICUS 005 20100108000000.0 008 100108s1968 sp u000 u spa u 013 $a162428 040 $aSeMil$bita 100 1 $aNácar Fuster, Eloíno.$0(OLS)http://semarc/name/67767 245 10$aVersion directa de las lenguas originales /$cPor Eloíno Nácar Fuster y Alberto Colunga ; Maximiliano Garcia Cordero. 250 $aVigesima Sexta edicion. 260 $aMadrid :$bBiblioteca de autores cristianos,$c1968. 300 $aXIX, 1523 p., [8] c. geog. 490 0 $aBiblioteca de autores cristianos ;$v. 650 4$aBibbia - Traduzioni spagnole.$0(OLS)http://semarc/subject/11202 700 1 $aColunga, Alberto,$c.$0(OLS)http://semarc/name/67765 773 0 $tSagrada Biblia.$dMadrid : Biblioteca de autores cristianos, 1961-1968-$w()22710 830 0$aBiblioteca de autores cristianos ;$v.$0(OLS)http://semarc/title/428 850 $aSeMil 852 $aSeMil$W1$xVenegono$y1$m2S V 53$j135144$B135144$CSeMilBibl$Z2$F146763 $81 996 $6245$aVersion directa de las lenguas originales$9(OLS)http://semarc/title/264748 996 $6260$aMadrid :$bBiblioteca de autores cristianos$9(OLS)http://semarc/publisher/29784